000
00294 a2200109 4500
000
nam a22 7a 4500
020
_a
9781473919020
100
_a
Burns, Tom
245
_a
Essential study skills : the complete guide to success at university
250
_a
Fourth edition.
260
_b
SAGE,
_c
2016
999
_c
86282
_d
86282